Bavaria Top 10 Cities by population - Statistics

General Stats
  • This quiz has been taken 84 times
  • The average score is 8 of 10
Answer Stats
Population City % Correct
1,326,807 Munich
100%
263,313 Augsburg
94%
123,925 Ingolstadt
89%
503,638 Nürnberg
88%
133,525 Regensburg
88%
69,989 Bamberg
83%
133,501 Würzburg
83%
114,071 Fürth
80%
104,980 Erlangen
73%
72,935 Bayreuth
64%
No matching quizzes found
Score Distribution
Percent of People with Each Score
Percentile by Number Answered
Your Score History
You have not taken this quiz